000 01124cab a2200349 4500
001 ABS46309
008 090401t1992 xxu||||| |||| 00| 0 eng d
035 _a(Sirsi) u57717
041 _aeng
100 _aGotts, D.
245 3 _aAn environmental strategy for agriculture: the potential impact of legislation
260 _c1992
350 _a0
490 _aFarm Management
_v8(1) Spring 1992, 9-19(6)
520 _aA useful checklist of the principles of EC environmental policy, directives, which aim to implement that policy to agriculture, UK statutory instruments concerning the environment and agriculture as well as relevant Acts.
650 _aAGRICULTURE
650 _aEC DIRECTIVES
650 _aENVIRONMENTAL AUDITING
650 _aENVIRONMENTAL PROTECTION
650 _aNOISE
650 _aPESTICIDES
650 _aPOLLUTION
650 _aSTRAW BURNING
650 _aWASTE MANAGEMENT
650 _aWATER
690 _aENVIRONMENTAL AND LAND CONSULTANCY
690 _aRURAL PRACTICE
700 _aEdward-Jones, G.
700 _aMcGregor, M.
942 _n0
948 _c04/03/1997
999 _c35223
_d35223